00459 2200169 4500245003900000250001100039100002000050700002600070700002700096650002100123005001900144260007600163041001400239084001000253300001700263336000900280 aDokter NinacMilena Da SilvahText aCet. 1 aMilena Da Silva aAlfeo Sanchea Pereira aYoaafat Barona pereira aCerita Bergambar a20240930134224 aJakartabKementerian Pendidikan, Kebudayaan, Riset, dan Teknologic2021 aIndonesia a741.5 a24 hlm pdf : atext